000
00182nam a2200085 4500
001
1257554
005
20260216133736.0
245
_a
ökkeş kapıcı
_c
muzaffer izgü
260
_b
öztürk
999
_c
1257554
_d
1257554